MARC

LEADER 00000nam0a2200000 4500
001 167185
005 20231101222655.0
035 |a (RuTPU)RU\TPU\book\181351 
090 |a 167185 
100 |a 20091013d1966 m y0rusy50 ca 
101 0 |a rus 
102 |a RU 
105 |a c z 001zy 
200 1 |a Воспитание в советской школе  |f А. С. Макаренко 
210 |a Москва  |c Просвещение  |d 1966 
215 |a 255с.  |c портр. 
320 |a Библиогр.: с. 253-254. 
600 1 |a Макаренко  |b А. С.  |c российский педагог  |c писатель  |f 1888-1939  |g Антон Семенович  |2 stltpush  |3 (RuTPU)RU\TPU\pers\13261  |9 3934 
610 1 |a учебно-воспитательная работа 
610 1 |a школы 
610 1 |a цели 
610 1 |a задачи 
610 1 |a методика 
610 1 |a педагогический опыт 
675 |a 371.01  |v 3 
700 1 |a Макаренко  |b А. С.  |g Антон Семенович 
801 1 |a RU  |b 63413507  |c 20091013 
801 2 |a RU  |b 63413507  |c 20221115  |g RCR 
942 |c BK